000 01582cab a2200217 4500
001 ABS67408
008 040126n2003 000 0 eng u
035 _a(Sirsi) u124901
100 _aCouchman, N.
245 _aExplaining standard yields in UK locations
260 _c2003
490 _aJournal of Retail and Leisure Property
_v3(3) December 2003, 211-222(12)
520 _aReports on a study, which estimates a cross-sectional model of UK standard retail yields, in which yield differentials across 65 UK centres are examined with respect to rent variation and an extensive database of economic, social and location-specific information. Finds that two variables, retail footprint scores and occupational coding classification AB, capture the dynamism of local consumer spending power most effectively and explain yield differentials best. Concludes that locations at the high and low ends of the yield spectrum are not as well explained by this analysis as those in the middle range and cluster analysis should be explored in over- and under-pricing examinations. Table covers estimation results, figure details actual and predicted yields in low-and high-yield centres. Appendix lists range of variables used in the analysis. References and notes. [Taken from journal abstract].
590 _aABS
650 _aPROPERTY-COMMERCIAL PROPERTY-RETAIL PROPERTY-RETAIL PROPERTY MARKET
650 _aRETAIL CENTRES
650 _aRETAIL YIELDS
690 _aPROPERTY-COMMERCIAL PROPERTY-COMMERCIAL PROPERTY FINANCE AND INVESTMENT
700 _aTsolacos, S.
942 _n0
999 _c74069
_d74069